[Event "6. ODEM U25 2009"]
[Site "Willingen GER"]
[Date "2009.05.31"]
[Round "2"]
[White "Sievers, Andy"]
[Black "Ehlers, Michael"]
[Result "1/2-1/2"]
[Termination "normal"]
[Board "13"]
[WhiteElo "1953"]
[BlackElo "1993"]
[PlyCount "135"]
[WhiteFideId "24607908"]
[BlackFideId "4674537"]
[EventCountry "GER"]
[EventRounds "9"]
[EventType "swiss"]
[EventDate "2009.05.30"]

1. e4 c5 2. d4 cxd4 3. c3 d3 4. Bxd3 g6 5. Be3 Bg7 6. f4 d6 7. Nf3 Nf6 8. O-O
Ng4 9. Qe2 Nxe3 10. Qxe3 O-O 11. f5 Nd7 12. Nbd2 Qb6 13. Qxb6 Nxb6 14. fxg6
hxg6 15. Nc4 Nxc4 16. Bxc4 Bd7 17. Rad1 Bc6 18. Rde1 Rac8 19. Bb3 Bb5 20. Rf2
Rc5 21. Rd2 Bc6 22. Bd5 Ra5 23. a3 Bh6 24. Rd4 Rb5 25. b4 Rb6 26. Nd2 Ra6 27.
Nb1 Rc8 28. Rc4 Rb6 29. a4 e6 30. Bxc6 Rbxc6 31. Rxc6 Rxc6 32. Kf2 Bg7 33. Rc1
Kh7 34. Ke2 Kh6 35. Kd3 f5 36. exf5 gxf5 37. Rf1 Kg5 38. Kc2 Be5 39. g3 Rc7 40.
Kd3 Kg4 41. c4 Rh7 42. Rf2 f4 43. gxf4 Bxf4 44. Ke4 Bxh2 45. Rf6 Re7 46. Rg6+
Kh5 47. Rg8 Be5 48. c5 Rf7 49. Rb8 Rf4+ 50. Kd3 Rxb4 51. c6 Rd4+ 52. Ke3 bxc6
53. Re8 Rxa4 54. Rxe6 Rb4 55. Nd2 Bf4+ 56. Kd3 c5 57. Ne4 Be5 58. Nxc5 a5 59.
Nd7 Bf4 60. Nf6+ Kg5 61. Ne4+ Kf5 62. Re8 Be5 63. Rf8+ Ke6 64. Ra8 a4 65. Ra6
Kf5 66. Nxd6+ Kf4 67. Nc4 Bg7 68. Ra7 1/2-1/2

[Event "6. ODEM U25 2009"]
[Site "Willingen GER"]
[Date "2009.05.31"]
[Round "2"]
[White "Eidner, Falk"]
[Black "Neumair, Cedric"]
[Result "1-0"]
[Termination "normal"]
[Board "14"]
[WhiteElo "2006"]
[BlackElo "1867"]
[PlyCount "97"]
[WhiteFideId "24634557"]
[BlackFideId "4698304"]
[EventCountry "GER"]
[EventRounds "9"]
[EventType "swiss"]
[EventDate "2009.05.30"]

1. e4 c5 2. Nf3 d6 3. d4 cxd4 4. Nxd4 Nf6 5. Nc3 a6 6. f3 e5 7. Nb3 Be6 8. Be3
Be7 9. Qd2 O-O 10. O-O-O b5 11. g4 Nbd7 12. g5 Ne8 13. Kb1 Nb6 14. Nd5 Nxd5 15.
exd5 Bd7 16. Rg1 a5 17. h4 g6 18. f4 exf4 19. Bxf4 Ng7 20. Nd4 Qb6 21. Be2 Rfc8
22. h5 Nf5 23. Nxf5 Bxf5 24. Bd3 Bxd3 25. Qxd3 Bf8 26. h6 b4 27. Be3 Qb7 28.
Qf1 Rab8 29. Bd4 f5 30. gxf6 a4 31. Qf5 Qf7 32. Rg4 b3 33. cxb3 axb3 34. a3 Rc7
35. Rdg1 Rbc8 36. Bc3 Kh8 37. Qg5 Rc5 38. Rd1 Kg8 39. Rb4 Qe8 40. f7+ Qxf7 41.
Rxb3 Qf3 42. Qd2 Bxh6 43. Qd4 Qf5+ 44. Ka2 g5 45. Rh1 Qg6 46. Qh8+ Kf7 47. Rb7+
R8c7 48. Rf1+ Ke7 49. Bf6+ 1-0

[Event "6. ODEM U25 2009"]
[Site "Willingen GER"]
[Date "2009.05.31"]
[Round "2"]
[White "Berger, Manuel"]
[Black "Ivascu, Cosmin Alexandru"]
[Result "1/2-1/2"]
[Termination "normal"]
[Board "15"]
[WhiteElo "1767"]
[BlackElo "1891"]
[PlyCount "39"]
[WhiteFideId "24692506"]
[BlackFideId "24686034"]
[EventCountry "GER"]
[EventRounds "9"]
[EventType "swiss"]
[EventDate "2009.05.30"]

1. e4 c6 2. Nf3 d5 3. exd5 cxd5 4. d4 Nf6 5. Bd3 Nc6 6. c3 Bg4 7. O-O Qc7 8.
Re1 e6 9. Nbd2 Bd6 10. Nf1 Bh5 11. h3 Bg6 12. Bg5 O-O-O 13. Rc1 Bxd3 14. Qxd3
h6 15. Bh4 Bf4 16. Bg3 Ne4 17. Bxf4 Qxf4 18. N1d2 Nxd2 19. Qxd2 Qxd2 20. Nxd2
1/2-1/2

[Event "6. ODEM U25 2009"]
[Site "Willingen GER"]
[Date "2009.05.31"]
[Round "2"]
[White "Hinz, Arne"]
[Black "Paulus, Jeffrey"]
[Result "1-0"]
[Termination "normal"]
[Board "16"]
[WhiteElo "1965"]
[BlackElo "1917"]
[PlyCount "73"]
[WhiteFideId "24634875"]
[BlackFideId "24692468"]
[EventCountry "GER"]
[EventRounds "9"]
[EventType "swiss"]
[EventDate "2009.05.30"]

1. e4 c5 2. Nc3 e6 3. g3 Nc6 4. Bg2 Nge7 5. d3 d5 6. Nge2 a6 7. exd5 exd5 8.
Nf4 d4 9. Ne4 Ng6 10. O-O Be7 11. Nd5 O-O 12. Nxe7+ Qxe7 13. Re1 Nce5 14. h3 f5
15. Ng5 f4 16. Bd5+ Kh8 17. Qh5 h6 18. gxf4 Qf6 19. Ne4 Qh4 20. Ng3 Qxh5 21.
Nxh5 Rd8 22. Be4 Bxh3 23. fxe5 Nh4 24. Nf4 Bg4 25. Ng6+ Nxg6 26. Bxg6 Rd5 27.
Bf7 Rd7 28. e6 Re7 29. Bf4 Rd8 30. Bg3 Rd5 31. Bh4 g5 32. Bg3 Kh7 33. f3 Bxf3
34. Be5 g4 35. Bf6 Rc7 36. e7 Rf5 37. e8=Q 1-0

[Event "6. ODEM U25 2009"]
[Site "Willingen GER"]
[Date "2009.05.31"]
[Round "2"]
[White "Matschewsky, Justus"]
[Black "Bart, Simon"]
[Result "1/2-1/2"]
[Termination "normal"]
[Board "17"]
[WhiteElo "1658"]
[BlackElo "1988"]
[PlyCount "56"]
[WhiteFideId "24678708"]
[BlackFideId "24637327"]
[EventCountry "GER"]
[EventRounds "9"]
[EventType "swiss"]
[EventDate "2009.05.30"]

1. e4 c5 2. Nf3 Nc6 3. d4 cxd4 4. Nxd4 Nf6 5. Nc3 d6 6. Be2 a6 7. a4 g6 8. O-O
Bg7 9. Be3 O-O 10. f4 Bd7 11. Bf3 Rc8 12. Nxc6 Bxc6 13. a5 Nd7 14. Bd4 e5 15.
fxe5 Nxe5 16. Bb6 Qe7 17. Qe2 f5 18. Rae1 Nxf3+ 19. Rxf3 Bxc3 20. Rxc3 Bxe4 21.
Bd4 Rxc3 22. Bxc3 Rc8 23. Qd3 Qg5 24. Qe2 Kf8 25. Rd1 Re8 26. Rxd6 Qc1+ 27. Rd1
Qxd1+ 28. Qxd1 Bxc2 1/2-1/2

[Event "6. ODEM U25 2009"]
[Site "Willingen GER"]
[Date "2009.05.31"]
[Round "2"]
[White "Siebarth, Marco"]
[Black "Stark, Sven"]
[Result "1-0"]
[Termination "normal"]
[Board "18"]
[WhiteElo "2031"]
[BlackElo "1763"]
[PlyCount "87"]
[WhiteFideId "24604330"]
[BlackFideId "4670124"]
[EventCountry "GER"]
[EventRounds "9"]
[EventType "swiss"]
[EventDate "2009.05.30"]

1. f4 d5 2. Nf3 Nc6 3. b3 Bf5 4. Bb2 e6 5. e3 Nf6 6. Bb5 a6 7. Bxc6+ bxc6 8.
Ne5 Ne4 9. O-O c5 10. d3 Nf6 11. Nd2 h5 12. Qe2 Ng4 13. e4 Bh7 14. Nxg4 hxg4
15. exd5 Qxd5 16. Qxg4 Bf5 17. Qf3 c6 18. Rae1 Rh6 19. Nc4 Qxf3 20. Rxf3 f6 21.
h3 Kf7 22. g4 Bh7 23. Kg2 Re8 24. Rfe3 Bg8 25. Na5 Bd6 26. f5 e5 27. Nxc6 Kf8
28. c4 Rc8 29. Na5 Bc7 30. Nb7 Ke8 31. Ba3 Rb8 32. Nxc5 Ba5 33. R1e2 Bc3 34.
Na4 Bd4 35. Re4 Kd8 36. Bc5 Bxc5 37. Nxc5 a5 38. d4 Rc8 39. Rd2 Kc7 40. dxe5
fxe5 41. Rxe5 Kb8 42. Nd7+ Kb7 43. Rb5+ Ka6 44. Nc5+ 1-0

[Event "6. ODEM U25 2009"]
[Site "Willingen GER"]
[Date "2009.05.31"]
[Round "2"]
[White "Adelhütte, Dennis"]
[Black "Nehls, Benedikt"]
[Result "1-0"]
[Termination "normal"]
[Board "19"]
[WhiteElo "1712"]
[BlackElo "1836"]
[PlyCount "63"]
[WhiteFideId "4661265"]
[BlackFideId "24656771"]
[EventCountry "GER"]
[EventRounds "9"]
[EventType "swiss"]
[EventDate "2009.05.30"]

1. e4 c5 2. c3 Nf6 3. e5 Nd5 4. d4 cxd4 5. cxd4 d6 6. Nf3 Nc6 7. exd6 Qxd6 8.
Nc3 e6 9. Bd2 Be7 10. Ne4 Qd8 11. a3 O-O 12. Bd3 Nf6 13. Bc3 Bd7 14. O-O Rc8
15. Qd2 Nxe4 16. Bxe4 Bf6 17. Rfd1 Qb6 18. Ne5 Bxe5 19. dxe5 Rcd8 20. Qg5 Bc8
21. Bxc6 bxc6 22. Rd6 h6 23. Qd2 Rxd6 24. exd6 Bd7 25. Re1 Qb3 26. Re3 Qd5 27.
Rd3 Qg5 28. Qc2 Rb8 29. Rg3 Qf5 30. Rxg7+ Kf8 31. Qxf5 exf5 32. Rh7 1-0

[Event "6. ODEM U25 2009"]
[Site "Willingen GER"]
[Date "2009.05.31"]
[Round "2"]
[White "Ackermann, Johannes"]
[Black "Nekrasova, Kateryna"]
[Result "1-0"]
[Termination "normal"]
[Board "20"]
[WhiteElo "1935"]
[BlackElo "1833"]
[PlyCount "27"]
[WhiteFideId "24663875"]
[BlackFideId "24636266"]
[EventCountry "GER"]
[EventRounds "9"]
[EventType "swiss"]
[EventDate "2009.05.30"]

1. e4 c6 2. Nf3 d5 3. exd5 cxd5 4. Ne5 Nf6 5. d4 Nbd7 6. Bd3 e6 7. O-O Be7 8.
Nd2 O-O 9. c3 Qc7 10. f4 a6 11. Qe1 Re8 12. Ndf3 h6 13. Qg3 g6 14. Bxg6 1-0

[Event "6. ODEM U25 2009"]
[Site "Willingen GER"]
[Date "2009.05.31"]
[Round "2"]
[White "Müller, Denis"]
[Black "Popp, Maximilian"]
[Result "1-0"]
[Termination "normal"]
[Board "21"]
[WhiteElo "1934"]
[BlackElo "1704"]
[PlyCount "63"]
[WhiteFideId "4696140"]
[BlackFideId "24673668"]
[EventCountry "GER"]
[EventRounds "9"]
[EventType "swiss"]
[EventDate "2009.05.30"]

1. e4 e6 2. d3 d5 3. Nd2 Nf6 4. Ngf3 c5 5. g3 b6 6. Bg2 Bb7 7. Qe2 Be7 8. O-O
Qc7 9. e5 Nfd7 10. h4 Nc6 11. Re1 h6 12. Nf1 O-O-O 13. N1h2 Rdg8 14. Bd2 Nf8
15. c3 g5 16. hxg5 hxg5 17. Ng4 Qd8 18. b4 cxb4 19. cxb4 f5 20. exf6 Bxf6 21.
Nxf6 Qxf6 22. b5 g4 23. bxc6 gxf3 24. cxb7+ Kxb7 25. Qxf3 Qg6 26. Rac1 Rh5 27.
Qf4 Qh7 28. Qd6 Rh8 29. Qc6+ Ka6 30. Qc8+ Kb5 31. Rb1+ Ka4 32. Qa6# 1-0

[Event "6. ODEM U25 2009"]
[Site "Willingen GER"]
[Date "2009.05.31"]
[Round "2"]
[White "Stark, Timo"]
[Black "Neitzel, Mirko"]
[Result "0-1"]
[Termination "normal"]
[Board "22"]
[WhiteElo "1821"]
[BlackElo "1810"]
[PlyCount "50"]
[WhiteFideId "4670183"]
[BlackFideId "24657298"]
[EventCountry "GER"]
[EventRounds "9"]
[EventType "swiss"]
[EventDate "2009.05.30"]

1. e4 c5 2. Nf3 Nc6 3. d4 cxd4 4. Nxd4 g6 5. Nc3 Bg7 6. Be3 Nf6 7. Nxc6 bxc6 8.
e5 Ng8 9. Bd4 Qa5 10. e6 Nf6 11. exf7+ Kxf7 12. Bd3 c5 13. Bc4+ e6 14. Be5 d5
15. Bxf6 Bxf6 16. Bxd5 Bxc3+ 17. bxc3 Qxc3+ 18. Kf1 exd5 19. Qxd5+ Be6 20. Qb7+
Kf6 21. Rd1 Rhd8 22. Qb1 Rxd1+ 23. Qxd1 Re8 24. Qf3+ Qxf3 25. gxf3 Bh3+ 0-1

[Event "6. ODEM U25 2009"]
[Site "Willingen GER"]
[Date "2009.05.31"]
[Round "2"]
[White "Thananbalasingam, Ajandhan"]
[Black "Stemmler, Lysan"]
[Result "1-0"]
[Termination "normal"]
[Board "23"]
[WhiteElo "1926"]
[BlackElo "1856"]
[PlyCount "67"]
[BlackFideId "24622451"]
[EventCountry "GER"]
[EventRounds "9"]
[EventType "swiss"]
[EventDate "2009.05.30"]

1. e4 c5 2. Nf3 d6 3. d4 cxd4 4. Nxd4 Nf6 5. Nc3 g6 6. Be3 Bg7 7. f3 O-O 8. Qd2
Nc6 9. g4 Nxd4 10. Bxd4 Be6 11. O-O-O Qa5 12. Kb1 Kh8 13. h4 Rfc8 14. a3 b5 15.
Nxb5 Qd8 16. g5 Nh5 17. Bxg7+ Nxg7 18. Be2 Rab8 19. Nd4 Bd7 20. f4 Qb6 21. b3
e5 22. Nf3 Qc5 23. Kb2 exf4 24. Nd4 Kg8 25. Ba6 Rc7 26. c3 Ne6 27. h5 Qb6 28.
hxg6 hxg6 29. Qh2 Kf8 30. Qh8+ Ke7 31. Qf6+ Ke8 32. Rh8+ Nf8 33. Rxf8+ Kxf8 34.
Rh1 1-0

[Event "6. ODEM U25 2009"]
[Site "Willingen GER"]
[Date "2009.05.31"]
[Round "2"]
[White "Frischmann, Rick"]
[Black "Kropman, Alexei"]
[Result "0-1"]
[Termination "normal"]
[Board "24"]
[WhiteElo "1685"]
[BlackElo "1964"]
[PlyCount "82"]
[WhiteFideId "24660752"]
[BlackFideId "24670723"]
[EventCountry "GER"]
[EventRounds "9"]
[EventType "swiss"]
[EventDate "2009.05.30"]

1. e4 e5 2. f4 exf4 3. Nf3 d6 4. Bc4 Nf6 5. d3 Be7 6. Bxf4 O-O 7. O-O Nc6 8.
Nc3 Na5 9. Bb3 Nxb3 10. axb3 Bg4 11. Qd2 a6 12. Ra2 Bh5 13. Nd4 Bg6 14. b4 Qd7
15. Rfa1 Rad8 16. b5 axb5 17. Ndxb5 c6 18. Nd4 d5 19. exd5 Nxd5 20. Nxd5 Qxd5
21. Nf3 Bf6 22. Ra5 c5 23. R1a2 Rfe8 24. Bg5 Bd4+ 25. Nxd4 Qxd4+ 26. Kh1 f6 27.
R5a4 Qd5 28. Be3 b5 29. Ra5 Re6 30. Ra6 Rde8 31. Bf2 Re2 32. Qf4 Rxc2 33. Ra1
Qxd3 34. Ra8 c4 35. Bg1 h6 36. Qg4 Kh7 37. Rxe8 Bxe8 38. Re1 Bc6 39. Re3 Rxg2
40. Qxg2 Bxg2+ 41. Kxg2 Qc2+ 0-1

[Event "6. ODEM U25 2009"]
[Site "Willingen GER"]
[Date "2009.05.31"]
[Round "2"]
[White "Müller, Philipp"]
[Black "Armbrust, Matthias"]
[Result "1-0"]
[Termination "normal"]
[Board "25"]
[WhiteElo "1870"]
[BlackElo "1820"]
[PlyCount "87"]
[WhiteFideId "24683701"]
[EventCountry "GER"]
[EventRounds "9"]
[EventType "swiss"]
[EventDate "2009.05.30"]

1. e4 c5 2. Nf3 d6 3. d4 cxd4 4. Nxd4 Nf6 5. Nc3 Nc6 6. Be2 e6 7. Bg5 Be7 8. f4
O-O 9. Qd2 Nxd4 10. Qxd4 Qa5 11. O-O-O b5 12. Kb1 b4 13. Nb5 Ba6 14. c4 bxc3
15. Nxc3 Bxe2 16. Nxe2 Rab8 17. e5 dxe5 18. Qxe5 Rb5 19. Qc3 Bb4 20. Qf3 Nd5
21. Nd4 Rb6 22. Nb3 Qa6 23. f5 Qc8 24. f6 Nxf6 25. Bxf6 gxf6 26. Qxf6 e5 27.
Qxe5 Re8 28. Qg3+ Rg6 29. Qf2 Bf8 30. Rhf1 Qc7 31. Rd3 Bg7 32. Rf3 Rf8 33. g3
Rc6 34. h4 a5 35. Nd4 Rb6 36. Rb3 Rfb8 37. Qf4 Qc4 38. Nf5 Qxf4 39. Rxf4 Be5
40. Ra4 Rxb3 41. axb3 Rxb3 42. Rxa5 Rxb2+ 43. Kc1 Re2 44. Ra8+ 1-0

[Event "6. ODEM U25 2009"]
[Site "Willingen GER"]
[Date "2009.05.31"]
[Round "2"]
[White "Hirschberg, Leander"]
[Black "Kabitzke, Julian"]
[Result "1-0"]
[Termination "normal"]
[Board "26"]
[WhiteElo "1671"]
[BlackElo "1823"]
[PlyCount "111"]
[WhiteFideId "24652130"]
[BlackFideId "24669547"]
[EventCountry "GER"]
[EventRounds "9"]
[EventType "swiss"]
[EventDate "2009.05.30"]

1. e4 c5 2. c3 Nf6 3. e5 Nd5 4. d4 cxd4 5. Nf3 Nc6 6. Bc4 Nb6 7. Bb3 d5 8. exd6
Qxd6 9. O-O Bf5 10. Nxd4 Nxd4 11. Qxd4 Qxd4 12. cxd4 e6 13. Nc3 Be7 14. Be3 O-O
15. Rfd1 Rfd8 16. Rac1 Bb4 17. a3 Bxc3 18. Rxc3 Be4 19. Rdc1 Bd5 20. Bxd5 Nxd5
21. Rc5 f5 22. g3 h6 23. h4 Kf7 24. Kf1 Kf6 25. Ke2 Ke7 26. R5c4 Kd7 27. Kd3
Rac8 28. Rxc8 Rxc8 29. Rxc8 Kxc8 30. Kc4 Kc7 31. Kc5 b6+ 32. Kc4 Kc6 33. b4 b5+
34. Kd3 Nb6 35. Bc1 Kd5 36. f3 Nc4 37. Kc3 Nd6 38. Bf4 Nf7 39. h5 Nd8 40. Be5
Nf7 41. Bxg7 a6 42. Kd3 Kc6 43. g4 fxg4 44. fxg4 Kd5 45. Bf8 e5 46. Bg7 e4+ 47.
Ke3 Kc4 48. Kxe4 Kb3 49. d5 Kxa3 50. Bc3 Kb3 51. Bd2 Kc4 52. Bxh6 Nxh6 53. g5
Nf7 54. g6 Nd6+ 55. Ke5 Ne8 56. d6 1-0

[Event "6. ODEM U25 2009"]
[Site "Willingen GER"]
[Date "2009.05.31"]
[Round "2"]
[White "Wenninger, Philipp"]
[Black "Baier, Christoph"]
[Result "1/2-1/2"]
[Termination "normal"]
[Board "27"]
[WhiteElo "1984"]
[BlackElo "1671"]
[PlyCount "34"]
[WhiteFideId "4648404"]
[BlackFideId "24655759"]
[EventCountry "GER"]
[EventRounds "9"]
[EventType "swiss"]
[EventDate "2009.05.30"]

1. d4 Nf6 2. c4 g6 3. Nc3 Bg7 4. Nf3 O-O 5. Bg5 d6 6. e3 c5 7. Be2 Na6 8. O-O
Bd7 9. Qd2 Nc7 10. Rfd1 Ne6 11. Bh4 a6 12. a4 Rb8 13. Rab1 Qe8 14. b3 Kh8 15.
Ne1 Ng8 16. Nd5 cxd4 17. Nf3 dxe3 1/2-1/2

[Event "6. ODEM U25 2009"]
[Site "Willingen GER"]
[Date "2009.05.31"]
[Round "2"]
[White "Orhan, Eda"]
[Black "Holle, Cedric"]
[Result "0-1"]
[Termination "normal"]
[Board "28"]
[WhiteElo "1769"]
[BlackElo "1701"]
[PlyCount "70"]
[WhiteFideId "24659258"]
[BlackFideId "24692158"]
[EventCountry "GER"]
[EventRounds "9"]
[EventType "swiss"]
[EventDate "2009.05.30"]

1. d4 d5 2. Nf3 c6 3. e3 Nf6 4. c4 Bf5 5. cxd5 cxd5 6. Qb3 Qc7 7. Bd2 e6 8.
Bb5+ Nc6 9. O-O Bd6 10. Bb4 Bxb4 11. Qxb4 Bd3 12. Bxc6+ Qxc6 13. Ne5 Qb5 14.
Nxd3 Qxd3 15. Nc3 b6 16. Nb5 a5 17. Nc7+ Kd7 18. Qxb6 Rhb8 19. Qc5 Ne4 20. Nxe6
fxe6 21. Qa3 Qxa3 22. bxa3 Rb2 23. f3 Nc3 24. Rf2 Rab8 25. Rxb2 Rxb2 26. Kf1
Rb1+ 27. Rxb1 Nxb1 28. Ke2 Nxa3 29. Kd3 Nc4 30. e4 Kc6 31. Kc3 Kb5 32. e5 Ne3
33. g3 Nf1 34. f4 Nxh2 35. f5 exf5 0-1

[Event "6. ODEM U25 2009"]
[Site "Willingen GER"]
[Date "2009.05.31"]
[Round "2"]
[White "Klosa, Kevin"]
[Black "Weißbeck, Simon"]
[Result "0-1"]
[Termination "normal"]
[Board "29"]
[WhiteElo "1453"]
[BlackElo "1959"]
[PlyCount "52"]
[WhiteFideId "12900206"]
[BlackFideId "24646865"]
[EventCountry "GER"]
[EventRounds "9"]
[EventType "swiss"]
[EventDate "2009.05.30"]

1. e4 e6 2. d4 d5 3. exd5 exd5 4. Nf3 Bd6 5. Bd3 Nc6 6. c3 Bg4 7. O-O Nge7 8.
Bg5 f6 9. Bh4 Qd7 10. Bg3 O-O-O 11. Bxd6 Qxd6 12. Nbd2 h5 13. Re1 g5 14. Qc2 h4
15. h3 Bd7 16. b4 Rdg8 17. Nf1 g4 18. hxg4 Bxg4 19. N3h2 Bh3 20. g3 hxg3 21.
fxg3 Bxf1 22. Nxf1 Rxg3+ 23. Nxg3 Qxg3+ 24. Qg2 Qxd3 25. Rad1 Qxc3 26. Kf1 Rg8
0-1

[Event "6. ODEM U25 2009"]
[Site "Willingen GER"]
[Date "2009.05.31"]
[Round "2"]
[White "Wagner, Florian"]
[Black "Takeuchi, Eiki"]
[Result "1-0"]
[Termination "normal"]
[Board "30"]
[WhiteTitle "FM"]
[WhiteElo "2302"]
[BlackElo "1882"]
[PlyCount "113"]
[WhiteFideId "4698118"]
[BlackFideId "24663751"]
[EventCountry "GER"]
[EventRounds "9"]
[EventType "swiss"]
[EventDate "2009.05.30"]

1. e4 c5 2. Nf3 d6 3. d4 cxd4 4. Nxd4 Nf6 5. f3 a6 6. c4 e6 7. Nc3 Be7 8. Be2
Qc7 9. Be3 Nbd7 10. O-O b6 11. Qd2 Bb7 12. Rfc1 O-O 13. Bf1 Rac8 14. Rab1 Rfd8
15. b4 Qb8 16. Qf2 Ba8 17. Na4 Bf8 18. Nb3 Rc6 19. Nb2 Rcc8 20. Nd3 Bc6 21. Nd4
Ba8 22. Nb3 Bc6 23. Nd4 Ba8 24. a4 d5 25. exd5 exd5 26. c5 b5 27. axb5 axb5 28.
Bf4 Rc7 29. c6 Nb6 30. Bxc7 Qxc7 31. Nxb5 Qe7 32. Qxb6 d4 33. Re1 Nd5 34. Qxd4
Qg5 35. Re5 Nxb4 36. Rxg5 Rxd4 37. Nxd4 Nxc6 38. Nxc6 Bxc6 39. h3 h6 40. Ra5 g6
41. Kh1 Bg7 42. Kh2 Kh7 43. Ne5 Bxe5+ 44. Rxe5 Kg7 45. Rb6 Bd7 46. Bc4 Be6 47.
Bxe6 fxe6 48. Kg1 Kf6 49. Rbxe6+ Kg7 50. g3 h5 51. Kf2 Kh6 52. h4 Kg7 53. f4
Kf7 54. Ra6 Kg7 55. Re7+ Kh6 56. Ra1 g5 57. Ra6# 1-0

[Event "6. ODEM U25 2009"]
[Site "Willingen GER"]
[Date "2009.05.31"]
[Round "2"]
[White "Mantler, Hendrik"]
[Black "Marquardt, Annabelle"]
[Result "1-0"]
[Termination "normal"]
[Board "31"]
[WhiteElo "2164"]
[BlackElo "1381"]
[PlyCount "55"]
[WhiteFideId "4697790"]
[BlackFideId "12900125"]
[EventCountry "GER"]
[EventRounds "9"]
[EventType "swiss"]
[EventDate "2009.05.30"]

1. e4 c5 2. Nf3 Nc6 3. d4 cxd4 4. Nxd4 g6 5. Be3 Bg7 6. Bc4 Nf6 7. Nc3 d6 8. f3
Qb6 9. Bb5 O-O 10. Nf5 Qc7 11. Nxg7 Kxg7 12. Qd2 Kg8 13. h4 h5 14. O-O-O a6 15.
Be2 b5 16. g4 Qa5 17. Kb1 Be6 18. gxh5 Nxh5 19. f4 b4 20. Nd5 Ng3 21. Bb6 Qa4
22. Bc4 Nxe4 23. Qg2 Bf5 24. Ne3 e6 25. Nxf5 exf5 26. Qxg6+ Kh8 27. Qh6+ Kg8
28. Rhg1+ 1-0

[Event "6. ODEM U25 2009"]
[Site "Willingen GER"]
[Date "2009.05.31"]
[Round "2"]
[White "Wachinger, David"]
[Black "Klippel, Jan"]
[Result "0-1"]
[Termination "normal"]
[Board "32"]
[WhiteElo "1386"]
[BlackElo "2035"]
[PlyCount "54"]
[WhiteFideId "24692689"]
[BlackFideId "24642215"]
[EventCountry "GER"]
[EventRounds "9"]
[EventType "swiss"]
[EventDate "2009.05.30"]

1. d4 Nf6 2. c4 e6 3. Nc3 d5 4. Nf3 c6 5. Bf4 Nbd7 6. e3 Be7 7. h3 O-O 8. c5
Re8 9. Be2 Nf8 10. O-O Ng6 11. Bh2 Nd7 12. b4 Bf6 13. e4 Ndf8 14. exd5 exd5 15.
Bd3 Be6 16. Re1 Qd7 17. Qc2 Nh4 18. Nxh4 Bxh4 19. Qd2 Bf5 20. Bxf5 Qxf5 21. b5
Bg5 22. Qb2 Qd3 23. Red1 Qc4 24. a4 Ne6 25. a5 Nxd4 26. bxc6 bxc6 27. Bd6 Qxc3
0-1

[Event "6. ODEM U25 2009"]
[Site "Willingen GER"]
[Date "2009.05.31"]
[Round "2"]
[White "Höpfner, Tim"]
[Black "Kempe, Markus"]
[Result "1-0"]
[Termination "normal"]
[Board "33"]
[WhiteElo "1824"]
[BlackElo "1348"]
[PlyCount "37"]
[WhiteFideId "4638310"]
[BlackFideId "24692638"]
[EventCountry "GER"]
[EventRounds "9"]
[EventType "swiss"]
[EventDate "2009.05.30"]

1. d4 d5 2. c4 c6 3. Nf3 Nf6 4. Qc2 dxc4 5. Qxc4 Be6 6. Qc2 g6 7. Nc3 Bg7 8. g3
O-O 9. Bg2 Qc8 10. Ng5 Bd7 11. O-O h6 12. Nf3 Re8 13. Ne5 Bh3 14. Bxh3 Qxh3 15.
Qb3 Ng4 16. Qxf7+ Kh8 17. Qxe8+ Kh7 18. Qxg6+ Kg8 19. Nxg4 1-0

[Event "6. ODEM U25 2009"]
[Site "Willingen GER"]
[Date "2009.05.31"]
[Round "2"]
[White "Gefnider, Andreas"]
[Black "Zeller, Lukas"]
[Result "1-0"]
[Termination "normal"]
[Board "34"]
[WhiteElo "1653"]
[BlackElo "1338"]
[PlyCount "81"]
[WhiteFideId "12900176"]
[BlackFideId "1271152"]
[EventCountry "GER"]
[EventRounds "9"]
[EventType "swiss"]
[EventDate "2009.05.30"]

1. e4 g6 2. Nf3 d6 3. d4 Bg7 4. c3 Nf6 5. Bd3 O-O 6. O-O Nbd7 7. Bf4 b6 8. Nbd2
Bb7 9. Re1 e6 10. Qc2 Re8 11. Re2 Nh5 12. Re3 e5 13. d5 Nhf6 14. b4 Rc8 15. Qa4
Ra8 16. Bg5 h6 17. Bh4 g5 18. Bg3 Nh5 19. Nf1 g4 20. N3d2 Nxg3 21. Nxg3 Nf6 22.
Bb5 Rf8 23. Nf5 Qc8 24. Ne7+ Kh8 25. Nxc8 Raxc8 26. Bd7 Rcd8 27. Bf5 h5 28.
Qxa7 Bc8 29. Qxc7 Bxf5 30. exf5 h4 31. Ne4 Nxd5 32. Qc4 Nf4 33. f6 Bh6 34. Ree1
d5 35. Qb5 dxe4 36. Qxe5 Rfe8 37. Qc7 Nd5 38. Qxf7 Nxc3 39. Qg6 Bf8 40. f7 Bg7
41. Qh5+ 1-0

[Event "6. ODEM U25 2009"]
[Site "Willingen GER"]
[Date "2009.05.31"]
[Round "2"]
[White "Sailer, Fabian"]
[Black "Schneider, Johannes"]
[Result "0-1"]
[Termination "normal"]
[Board "35"]
[WhiteElo "1380"]
[BlackElo "1775"]
[PlyCount "56"]
[BlackFideId "24687260"]
[EventCountry "GER"]
[EventRounds "9"]
[EventType "swiss"]
[EventDate "2009.05.30"]

1. e4 c5 2. c3 Nf6 3. e5 Nd5 4. Bc4 Nc7 5. d4 cxd4 6. cxd4 b5 7. Bb3 Bb7 8. Nf3
e6 9. O-O d6 10. Qe2 Be7 11. Nc3 a6 12. Be3 O-O 13. a3 Nd7 14. Rfd1 Nb6 15.
Rac1 Ncd5 16. Ne4 Nxe3 17. Qxe3 Nd5 18. Qd3 h6 19. Bc2 g6 20. Qd2 Kg7 21. Bb3
Qb6 22. h4 Rad8 23. h5 dxe5 24. Nxe5 Nf6 25. Nxf6 Bxf6 26. Qf4 Bg5 27. Qg3 Bxc1
28. Rxc1 g5 0-1

[Event "6. ODEM U25 2009"]
[Site "Willingen GER"]
[Date "2009.05.31"]
[Round "2"]
[White "Reksten, Daniel"]
[Black "Mann, Jonas"]
[Result "1-0"]
[Termination "normal"]
[Board "36"]
[WhiteElo "1638"]
[BlackElo "1296"]
[PlyCount "133"]
[WhiteFideId "24692590"]
[BlackFideId "12900214"]
[EventCountry "GER"]
[EventRounds "9"]
[EventType "swiss"]
[EventDate "2009.05.30"]

1. d4 d5 2. c4 e6 3. Nf3 Nf6 4. Qc2 Be7 5. Nc3 O-O 6. Bg5 Nbd7 7. e3 c6 8. cxd5
exd5 9. Bd3 Re8 10. O-O Nf8 11. Rfc1 Bg4 12. Nd2 h6 13. Bh4 Bh5 14. Rab1 Bg6
15. h3 Bxd3 16. Qxd3 Ng6 17. Bg3 Nh5 18. Bh2 Bh4 19. b4 Qf6 20. Nf3 Bg5 21. b5
Qe7 22. bxc6 bxc6 23. Qa6 Nh4 24. Nxh4 Bxh4 25. Qxc6 Bxf2+ 26. Kxf2 Qxe3+ 27.
Kf1 Rac8 28. Qxd5 Rxc3 29. Re1 Qd3+ 30. Kg1 Rxe1+ 31. Rxe1 Rc1 32. Rxc1 Qe3+
33. Kh1 Qxc1+ 34. Bg1 Ng3+ 35. Kh2 Qf4 36. Qf3 Nf1+ 37. Kh1 Qxf3 38. gxf3 Ng3+
39. Kg2 Nf5 40. d5 a6 41. Bc5 g6 42. Kf2 f6 43. d6 Nxd6 44. Bxd6 Kf7 45. Ke3
Ke6 46. Bf8 h5 47. Ke4 g5 48. Bb4 f5+ 49. Ke3 g4 50. hxg4 fxg4 51. f4 h4 52.
Be1 h3 53. Bg3 Kf5 54. Kd4 a5 55. a4 Ke6 56. Ke4 Kf6 57. f5 Kf7 58. Ke5 Ke7 59.
f6+ Kf7 60. Kf5 Kf8 61. Ke6 Kg8 62. Ke7 Kh7 63. f7 Kg6 64. f8=Q Kg5 65. Qf6+
Kh5 66. Kf7 h2 67. Qg6# 1-0